Statistics for Geological Time Periods

Click here to take the quiz!

General Stats

  • This quiz has been taken 84 times
  • The average score is 7 of 11

Answer Stats

HintAnswer% Correct
Period201 - 145MaJurassic
96%
Period252 - 201MaTriassic
90%
Period145 - 66MaCretaceous
85%
Period540 - 485MaCambrian
79%
Period420 - 355MaDevonian
71%
Period355 - 300MaCarboniferous
67%
Period445 -420MaSilurian
65%
Period299 - 252MaPermian
63%
Period485 - 445MaOrdovician
56%
Eon4000 - 2500MaArchean
38%
Eon2500 - 540MaProterozoic
33%

Score Distribution

Percentile by Number Answered

Percent of People with Each Score

Your Score History

You have not taken this quiz